000 00444nam a22001817a 4500
003 MPLRDC
005 20220104125705.0
008 210129b ||||| |||| 00| 0 eng d
020 _a7-5033-0676-9
082 _a740.274 YJK
100 _a于建坤
245 _a惩治卖国贼
_c
250 _a一版一刷
260 _a
_b解放军文艺出版社
_c1995
300 _b
650 _a第二次世界大战
942 _cBK
_o740.274 YJK
999 _c29375
_d29365